Name a Valid Major League Baseball (MLB) Hall of Famer (A-Z) - Statistics

General Stats
  • This quiz has been taken 502 times
  • The average score is 14 of 22
Answer Stats
Letter # Hall of Famers % Correct
A 10 Hank Aaron | Grover Alexander | Roberto Alomar | Walter Alston | Sparky Anderson | Cap Anson | Luis Aparicio | Luke Appling | Richie Ashburn | Earl Averill | Dick Allen
93%
B 24 Jeff Bagwell | Harold Baines | Home Run Baker | Dave Bancroft | Ernie Banks | Jake Beckley | Cool Papa Bell | Johnny Bench | Chief Bender | Yogi Berra | Craig Biggio | Bert Blyleven | Wade Boggs | Jim Bottomley | Lou Boudreau | Roger Bresnahan | George Brett | Lou Brock | Dan Brouthers | Mordecai Brown | Ray Brown | Willard Brown | Jim Bunning | Jesse Burkett | Adrian Beltre
89%
J 10 Reggie Jackson | Travis Jackson | Ferguson Jenkins | Hugh Jennings | Derek Jeter | Judy Johnson | Randy Johnson | Walter Johnson | Chipper Jones | Addie Joss
88%
M 31 Connie Mack | Biz Mackey | Greg Maddux | Mickey Mantle | Heinie Manush | Rabbit Maranville | Juan Marichal | Rube Marquard | Edgar Martinez | Pedro Martinez | Eddie Mathews | Christy Mathewson | Willie Mays | Bill Mazeroski | Joe McCarthy | Tommy McCarthy | Willie McCovey | Joe McGinnity | John McGraw | Bill McKechnie | Bid McPhee | Joe Medwick | Jose Mendez | Minnie Miñoso | Johnny Mize | Paul Molitor | Joe Morgan | Jack Morris | Eddie Murray | Stan Musial | Mike Mussina | Fred McGriff | Joe Mauer
87%
G 17 Pud Galvin | Lou Gehrig | Charlie Gehringer | Bob Gibson | Josh Gibson | Tom Glavine | Lefty Gomez | Joe Gordon | Goose Goslin | Rich Gossage | Frank Grant | Hank Greenberg | Ken Griffey, Jr. | Burleigh Grimes | Lefty Grove | Vladimir Guerrero | Tony Gwynn
85%
R 21 Charles Radbourn | Tim Raines | Pee Wee Reese | Jim Rice | Sam Rice | Cal Ripken, Jr. | Mariano Rivera | Eppa Rixey | Phil Rizzuto | Robin Roberts | Brooks Robinson | Frank Robinson | Jackie Robinson | Wilbert Robinson | Iván Rodríguez | Bullet Rogan | Edd Roush | Red Ruffing | Amos Rusie | Babe Ruth | Nolan Ryan | Scott Rolen
84%
C 24 Roy Campanella | Rod Carew | Max Carey | Steve Carlton | Gary Carter | Orlando Cepeda | Frank Chance | Oscar Charleston | Jack Chesbro | Fred Clarke | John Clarkson | Roberto Clemente | Ty Cobb | Mickey Cochrane | Eddie Collins | Jimmy Collins | Earle Combs | Roger Connor | Andy Cooper | Stan Coveleski | Bobby Cox | Sam Crawford | Joe Cronin | Kiki Cuyler
84%
D 14 Ray Dandridge | George Davis | Andre Dawson | Leon Day | Dizzy Dean | Ed Delahanty | Bill Dickey | Martin Dihigo | Joe DiMaggio | Larry Doby | Bobby Doerr | Don Drysdale | Hugh Duffy | Leo Durocher
78%
W 24 Rube Waddell | Honus Wagner | Larry Walker | Bobby Wallace | Ed Walsh | Lloyd Waner | Paul Waner | John Ward | Earl Weaver | Mickey Welch | Willie Wells | Zack Wheat | Deacon White | Hoyt Wilhelm | Billy Williams | Dick Williams | Joe Williams | Ted Williams | Vic Willis | Hack WilsonJud Wilson | Dave Winfield | Harry Wright | Early Wynn | Billy Wagner
77%
S 27 Ryne Sandberg | Ron Santo | Louis Santop | Ray Schalk | Mike Schmidt | Red Schoendienst | Tom Seaver | Frank Selee | Joe Sewell | Al Simmons | Ted Simmons | George Sisler | Enos Slaughter | Hilton Smith | Lee Smith | Ozzie Smith | John Smoltz | Duke Snider | Billy Southworth | Warren Spahn | Tris Speaker | Willie Stargell | Turkey Stearnes | Casey Stengel | Bruce Sutter | Mule Suttles | Don Sutton | CC Sabathia | Ichiro Suzuki | CC Sabathia | Ichiro Suzuki
77%
Y 4 Carl Yastrzemski | Cy Young | Ross Youngs | Robin Yount
76%
H 20 Chick Hafey | Jesse Haines | Roy Halladay | Billy Hamilton | Ned Hanlon | Bucky Harris | Gabby Hartnett | Harry Heilmann | Rickey Henderson | Billy Herman | Whitey Herzog | Pete Hill | Gil Hodges | Trevor Hoffman | Harry Hooper | Rogers Hornsby | Waite Hoyt | Carl Hubbell | Miller Huggins | Catfish Hunter | Todd Helton
71%
K 12 Jim Kaat | Al Kaline | Tim Keefe | Willie Keeler | George Kell | Joe Kelley | George Kelly | King Kelly | Harmon Killebrew | Ralph Kiner | Chuck Klein | Sandy Koufax
68%
T 10 Ben Taylor | Bill Terry | Frank Thomas | Jim Thome | Sam Thompson | Joe Tinker | Joe Torre | Cristobal Torriente | Alan Trammell | Pie Traynor
64%
F 12 Red Faber | Bob Feller | Rick Ferrell | Rollie Fingers | Carlton Fisk | Elmer Flick | Whitey Ford | Bill Foster | Rube Foster |Nellie Fox | Jimmie Foxx | Frankie Frisch
63%
P 8 Satchel Paige | Jim Palmer | Herb Pennock | Tony Perez | Gaylord Perry | Mike Piazza | Eddie Plank | Kirby Puckett | Dave Parker
54%
O 4 Tony Oliva | Jim O'Rourke | David Ortiz | Mel Ott
47%
L 12 Tony LaRussa | Nap Lajoie | Barry Larkin | Tommy Lasorda | Tony Lazzeri | Bob Lemon | Buck Leonard | Freddie Lindstrom | Pop Lloyd | Ernie Lombardi | Al Lopez | Ted Lyons | Jim Leyland
44%
E 3 Dennis Eckersley | Johnny Evers | Buck Ewing
39%
N 3 Hal Newhouser | Kid Nichols | Phil Niekro
31%
V 2 Dazzy Vance | Arky Vaughan
18%
I 1 Monte Irvin
15%
No matching quizzes found
Score Distribution
Percent of People with Each Score
Percentile by Number Answered
Your Score History
You have not taken this quiz